| Tag |
First Indicator |
Second Indicator |
Subfields |
| LEADER |
00000cam a2200000 4500 |
| 001 |
in00003835607 |
| 005 |
20190415190736.0 |
| 006 |
m o d |
| 007 |
cr |n||||||||n |
| 008 |
930323s1703 ie |||| o 00||||eng c |
| 035 |
|
|
|a (CU-RivES)T217417
|
| 035 |
|
|
|a (Uk-ES)006311871
|
| 035 |
|
|
|a (OCoLC)510595325
|
| 040 |
|
|
|a Uk-ES
|c Uk-ES
|d CStRLIN
|d Cengage Gale
|d UtOrBLW
|
| 100 |
1 |
|
|a Power, David,
|d 1682 or 1683-
|0 http://id.loc.gov/authorities/names/nr97002161
|
| 245 |
1 |
4 |
|a The case of David Power, the younger, of the city of Dublin, gent. a Protestant.
|
| 264 |
|
1 |
|a [Dublin?] :
|b [publisher not identified],
|c [1703]
|
| 300 |
|
|
|a 1 online resource (1 sheet)
|
| 336 |
|
|
|a text
|b txt
|2 rdacontent
|
| 337 |
|
|
|a computer
|b c
|2 rdamedia
|
| 338 |
|
|
|a online resource
|b cr
|2 rdacarrier
|
| 500 |
|
|
|a A petition to the House of Commons for "heads of a bill" to settle a jointure on his wife presented on 2nd November 1703.
|
| 510 |
4 |
|
|a English Short Title Catalog,
|c T217417.
|
| 500 |
|
|
|a Reproduction of original from Trinity College Library.
|
| 500 |
|
|
|a Electronic resource.
|
| 600 |
1 |
0 |
|a Power, David,
|d 1682 or 1683-
|x Trials, litigation, etc.
|v Early works to 1800.
|
| 655 |
|
7 |
|a Electronic books.
|2 local
|
| 710 |
2 |
|
|a Gale (Firm)
|0 http://id.loc.gov/authorities/names/no2008071348
|
| 752 |
|
|
|a Ireland
|d Dublin.
|
| 856 |
4 |
0 |
|u http://proxy.library.tamu.edu/login?url=http://find.galegroup.com/ecco/infomark.do?contentSet=ECCOArticles&docType=ECCOArticles&bookId=1717603400&type=getFullCitation&tabID=T001&prodId=ECCO&docLevel=TEXT_GRAPHICS&version=1.0&source=library&userGroupName=txshracd2898
|z Connect to the full text of this electronic book
|t 0
|
| 999 |
f |
f |
|s b5c0f3e8-6576-3540-a275-f41a4249fb74
|i 6faa3bb2-6ef1-317f-90d3-e04f34cd2e03
|t 0
|
| 952 |
f |
f |
|a Texas A&M University
|b College Station
|c Electronic Resources
|d Available Online
|t 0
|h No information provided
|
| 998 |
f |
f |
|t 0
|l Available Online
|